[Event "VAM Hoogeveen 2nd"]
[Site "Hoogeveen"]
[Date "1998.10.24"]
[Round "6"]
[White "Polgar, Judit"]
[Black "Shaked, Tal"]
[Result "1-0"]
[WhiteElo "2665"]
[BlackElo "2490"]
[Annotator "Psakhis,L"]
[PlyCount "57"]
[EventDate "1998.10.18"]
[Source "ChessBase"]
[SourceDate "1998.11.10"]

1. e4 e6 2. d4 d5 3. Nc3 Bb4 4. e5 c5 5. a3 Bxc3+ 6. bxc3 Ne7 7. Qg4 O-O 8. Bd3
f5 9. Qh3 {Rare, double-edged move. Usual continuation is
something like} (9.
exf6 Rxf6 10. Bg5 Rf7 11. Qh5 g6 12. Qd1 Qa5 13. Bd2 Nbc6 14. Nf3 c4 15. Be2
15... Nf5 {with complicated game.}) 9... Qa5 10. Bd2 10... Nbc6 {
deserves attention} (10... Qa4 11. dxc5 11... Nd7 {for example} 12. Nf3 Nxc5
13. O-O b6 14. Be3 Ng6 15. Rfd1 Ne4 16. Bd4 Ba6 17. Nd2 Rac8 18. Bxe4 dxe4 19.
Qe3 19... Ne7 {0-1 Bragin,A-Rychagov,A/RUS t-ch Orel 1997 (24)}) 11. Nf3 11...
Qa4 12. Rg1 ({White could play also} 12. Kd1 12... Bd7 13. g4 cxd4 14. Rg1 {
1-0 Ginzburg,M-Robledo,N/Buenos Aires FMDA tt 1992 (24) with big complications,
but Judit never worried  too much about pawns.}) 12... c4 13. Be2 Qxc2 14. Rc1
Qb2 15. g4 15... Na5 $1 16. Bd1 Nb3 17. Rc2 17... Qxa3 {Judit sucrificed (
lost?) two pawns and only her  chance for survival is just to give checkmate
to  oppenent. With real astonishment I found, that  this crazy position came
to life  not in the first time , ant instead of Polgars,} 18. Bh6 ({
Velimirovic played} 18. Ng5 18... h6 19. Nf3 Nxd2 20. Kxd2 fxg4 21. Rxg4 Nf5
22. Nh4 Bd7 23. Nxf5 exf5 24. Rg1 Kh7 25. Qg2 Qe7 26. Qxd5 26... b5 $132 {
-  Velimirovic,D-Drasko,M/YUG t-ch 1996 (71) just one thing is interesting
for me: did Judit know  about thisgame?}) 18... Ng6 ({
White has dangerous attack after} 18... Na1 $6 19. Rd2 $1 (19. gxf5 $2 $143
19... Nxc2+ 20. Bxc2 Qxc3+ 21. Kd1 Nxf5 22. Bxf5 Rxf5 23. Rxg7+ Kf8 24. Rxh7+
Ke8 25. Be3 $13) 19... Qxc3 20. Bxg7 Kxg7 21. gxf5+ Kh8 (21... Ng6) 22. Qh6 Rf7
23. Ng5 $18) ({everithing is more complicated in the case of} 18... f4 19. Ng5
$1 19... Rf7 $8 (19... gxh6 20. Qxh6 Rf7 21. Qh5 $1 (21. Nxf7 Kxf7 22. Qxh7+
Ke8 23. g5 23... Na1 $5) 21... Ng6 22. Nxf7 $18) (19... Nxd4 20. Bxg7 $1 20...
Nxc2+ 21. Kd2 $18) 20. Qh5 (20. Nxf7 20... Nxd4 $1 21. Rd2 Nb3) 20... Ng6 (
20... g6 21. Qh4) 21. Nxf7 Na1 (21... Kxf7 22. Bxf4 $16) 22. Rd2 Kxf7 23. Bxf4
23... Kg8 $1 $132) 19. gxf5 Rxf5 (19... exf5 20. Rxg6 hxg6 21. Bf4 Na1 22. Rc1
(22. Ng5 Nxc2+ 23. Bxc2 Re8 24. Qh7+ Kf8 25. Qh8+ Ke7 26. Qxg7+ Kd8) 22... Kf7
23. Qh7 $40) 20. Be3 20... Bd7 21. Ng5 21... Nf8 {Black organized tough
defence, but Judit found way to increase preasure on the black king} 22. f4 $1
22... Na1 $6 {Knight moves too far.} ({It,s funny what white will do after} 
22... Qa1 $1) 23. Rcg2 Qxc3+ 24. Kf2 24... g6 $2 {
Decisive mistake, it was obligatory to sucrifice exchange} (24... Rxg5 $142 25.
Rxg5 (25. fxg5 25... Nc2 $19) 25... g6 {with unclearconsequences.}) 25. Nxh7 $1
$18 25... Rxf4+ (25... Nxh7 26. Rxg6+ Kh8 27. Qh6 Rf7 (27... Rxf4+ 28. Bxf4
Qxd4+ 29. Be3 Qxe5 30. Qxh7+ $1 $18) 28. Rg7 Rxf4+ 29. Qxf4 $18) 26. Bf3 Qc2+ (
26... Nxh7 27. Rxg6+ Kh8 28. Bxf4 Qxd4+ 29. Be3 Qb2+ 30. Be2 Rf8+ 31. Kg2 $1
31... Qxe2+ 32. Kh1 32... Qxe3 $8 33. Qxe3 d4 34. Qxd4 Bc6+ 35. R6g2) 27. Kg3
Rxf3+ (27... Rf5 28. Rxc2 (28. Nf6+) 28... Nxc2 29. Qh6 $18) 28. Kxf3 Qe4+ 29.
Kf2 (29. Kf2 Qc2+ (29... Qf5+ 30. Qxf5 exf5 31. Nxf8 Kxf8 32. Rxg6 $18) 30. Kg3
Nxh7 31. Rxc2 Nxc2) 1-0

[Event "USA-ch sf"]
[Site "Denver"]
[Date "1998.11.13"]
[Round "4"]
[White "De Firmian, Nick E"]
[Black "Shaked, Tal"]
[Result "1/2-1/2"]
[WhiteElo "2605"]
[BlackElo "2490"]
[Annotator "Psakhis,L"]
[PlyCount "68"]
[EventDate "1998.11.10"]
[Source "ChessBase"]
[SourceDate "1999.02.01"]

1. e4 e6 2. d4 d5 3. Nc3 Bb4 4. e5 c5 5. a3 Bxc3+ 6. bxc3 Ne7 7. Nf3 Bd7 8. Bd3
(8. dxc5 $5) 8... Ba4 9. O-O (9. Ng5 h6 10. Qh5 g6 11. Qh4 Nf5 12. Bxf5 gxf5
13. Qh5 Qe7 14. Nh3 (14. Bf4 Bxc2 15. Ra2 Bd3 16. dxc5 Nd7 17. c6 bxc6 18. Ra1
Rb8 19. Be3 19... Rb3 $17 {0-1 Junior3-M_Chess 6 P90/Testspiel 1997 (31)})
14... Nd7 15. Bg5 Qf8 16. Bh4 cxd4 17. cxd4 17... Qg7 $15 {
0-1 Ghinda,M-Uhlmann,W/Rumania/DDR 1983 (60)}) 9... Qc7 10. Re1 (10. h4 Nd7 11.
h5 h6 12. Re1 O-O-O 13. Nh4 Kb8 14. Bd2 Rc8 15. Ra2 Nc6 16. Qg4 Qa5 17. Nf3 c4
18. Bf1 18... Rcg8 $13 {0-1 Zeller,F-Uhlmann,W/BL 1996 (55)}) 10... h6 11. dxc5
(11. Nh4 Nd7 12. f4 O-O-O 13. Nf3 Kb8 14. Be3 Qa5 15. Qd2 Rc8 16. Rab1 cxd4 17.
Nxd4 Nc5 18. Rb4 Rhd8 19. Reb1 19... Rd7 $11 {
1-0 Gaprindashvili,N-Uhlmann,W/Leipzig i 1978 (51)}) 11... Nd7 12. Nd4 $13
12... Qxc5 {N/} (12... Nxc5 13. Bb5+ (13. Nb5 Bxb5 14. Bxb5+ Nd7 15. Qg4 Qxc3
16. Bf4 $13) 13... Kf8 14. Qf3 Kg8 15. Bxa4 Nxa4 16. Nb5 Qd7 17. Rb1 Ng6 18. c4
a6 19. Nd4 19... Nc5 {Curtacci.  -  Weiner,M-Larsen,F/corr 1987 (49)}) 13. Rb1
Nb6 14. Qg4 g6 15. Qf4 15... Nf5 (15... Qxc3 16. Bd2 Qc7 17. Qf6 Rh7 18. Bb5+
Bxb5 19. Nxb5 Qxc2 20. Bb4 $40) 16. Nxf5 (16. Rb4 $142 16... Qxc3 $6 $140 17.
Bd2 Qxa3 18. Rxa4 $1 18... Nxa4 19. Bb5+ Kd8 20. Bxa4 $16) 16... gxf5 (16...
exf5 $4 17. e6) 17. Be3 Qxc3 18. Bd2 Qc7 19. Bb4 Nc4 20. Bd6 Qd7 (20... Qc6 21.
Qh4 $5) 21. Bxc4 dxc4 22. Qxc4 Rg8 (22... Rc8 23. Qd4 Bxc2 24. Rbc1 $16) 23.
Rxb7 $5 23... Qxb7 24. Qxa4+ Qd7 25. Qa6 Rg4 26. Rb1 Ra4 (26... Rc8 $5 27. Rb7
$6 $140 27... Ra4 28. Rxd7 Rxa6 29. Re7+ 29... Kd8 $13) 27. Qd3 27... Qc6 28.
h3 $16 (28. Qg3 $2 28... Rg4) 28... f6 29. Qe2 $1 29... Rh4 30. Rb4 Rxb4 31.
Qh5+ Kd8 32. axb4 fxe5 33. Qxh6 Kd7 34. Bxe5 34... Re8 $16 {White has a clear
and big advantage, but 1/2 point was enough for De Firmian to become US
champion.} 1/2-1/2

[Event "Yangon zt"]
[Site "Yangon"]
[Date "1998.12.14"]
[Round "7"]
[White "Handoko, Edhi"]
[Black "Nadera, Barlo A"]
[Result "1/2-1/2"]
[WhiteElo "2470"]
[BlackElo "2400"]
[Annotator "Finkel,A"]
[PlyCount "77"]
[EventDate "1998.12.??"]
[Source "ChessBase"]
[SourceDate "1999.04.01"]

1. e4 1... e6 2. d4 d5 3. Nc3 Bb4 4. Nge2 dxe4 5. a3 Be7 6. Nxe4 b6 7. g3 ({
Slightly more agressive and dangerous for black is} 7. N2c3 7... Nf6 (7... Bb7
8. Bb5+ (8. Qf3 $5 8... Kf8 9. Qg3 Nc6 10. Be3 10... Bh4 $6 11. Qf4 g5 12. Nxg5
Bxg5 13. Qxg5 Qxg5 14. Bxg5 Nxd4 15. O-O-O $16 {
Kharlov,A-Beliavsky,A/Novosibirsk 1995 (20)}) 8... c6 (8... Nd7 9. Qg4 Kf8 10.
Qe2 Ndf6 11. Ng5 $13 { -  Mokry,K-Jurek,J/CSR-ch 1984}) 9. Be2 Nd7 10. Bf4 Nf8
11. h4 Ng6 12. Bg3 $14 {Gheorghiu,F-Hort,V/Athens zt 1969 (41)}) 8. Qf3 c6 9.
Bf4 Nxe4 10. Qxe4 Bd6 11. O-O-O Bxf4+ 12. Qxf4 Qf6 13. Qd6 Qe7 14. Qg3 $14 {
Dominguez,C-Scanavino,E/Mar del Plata KIM 1962}) 7... Bb7 8. Bg2 Qc8 9. O-O Nf6
({Another possibility is} 9... Nd7 $5 10. c4 Ngf6 11. N2c3 O-O 12. Qe2 Nxe4 13.
Nxe4 c5 14. dxc5 Nxc5 15. Bf4 Nxe4 16. Bxe4 16... Bxe4 $11 {
with balanced position;Ristic,N-Ljubisavljevic,Z/Smederevska Palanka 1984 (43)}
) 10. N2c3 O-O 11. Nxf6+ ({After} 11. Re1 11... Rd8 12. Bg5 Nxe4 13. Nxe4 Bxg5
14. Nxg5 Bxg2 15. Kxg2 15... Qb7+ $11 {all minor pieces disappear.}) 11... Bxf6
12. Ne4 Be7 13. Qh5 Nd7 (13... Rd8 $6 14. c3 Nd7 15. Bg5 f6 16. Bf4 c5 17. Rad1
$14) 14. Bg5 Bxg5 15. Qxg5 h6 ({Not enough for equality is} 15... f5 $6 16. Nc3
Bxg2 17. Kxg2 e5 18. Rae1 $1 18... Qb7+ 19. f3 Rae8 20. dxe5 Rxe5 21. Rxe5 Nxe5
22. Qe7 $14 {and white has some pressure.}) 16. Qe3 16... a5 {With this move
black starts an intersting planbut deserved attention straightforward} (16...
e5 $5 17. Rad1 f5 18. Nc3 Bxg2 19. Kxg2 Qb7+ 20. f3 20... Rae8 $132 {
with sufficient counterchanses.}) 17. Rfe1 (17. a4) 17... a4 $5 18. c4 Ra5 19.
Rac1 Qa8 20. Bh3 ({Serious attention deserved} 20. d5 $5 20... e5 (20... exd5
21. cxd5 Rxd5 22. Rxc7 Re8 23. Rxd7 $1 23... Rxd7 (23... Rxe4 $6 24. Bxe4 Rxd7
25. Bf5 Rd8 26. Qxb6 Bh1 27. Bh3 $16) 24. Nf6+ gxf6 25. Qxe8+ Qxe8 26. Rxe8+
Kg7 27. Bxb7 Rxb7 28. Re4 $14) 21. Nc3 f5 22. Nb5 Qd8 23. f4 e4 24. d6 $14)
20... Rd8 21. Rcd1 (21. d5 $5) 21... Bxe4 $5 22. Qxe4 Qxe4 23. Rxe4 23... b5 $1
{Using the fact that white can't meet this move with 24.c5 black solves the
problem of his queenside.} (23... Ne5 $6 24. Bf1 Nf3+ 25. Kg2 f5 26. Rxe6 Nxd4
27. Re7 $14) 24. d5 Nf6 25. Red4 25... e5 ({More accurate was} 25... exd5 $5
26. cxd5 Ra6 27. Bf1 (27. Rc1 $6 27... Rxd5 28. Rxd5 Nxd5 29. Rc5 29... c6 $15)
27... Rb6 28. h4 Kf8 29. Kg2 29... Ke7 $132 {with mutual chanses.}) 26. d6 $1 {
That's the reason why 25...e:d5 was more accurate!} 26... cxd6 (26... exd4 27.
dxc7 Re8 28. Rxd4 $1 28... Raa8 29. cxb5 g5 30. Bf5 $1 $18) 27. Rxd6 Rxd6 28.
Rxd6 bxc4 29. Rc6 29... Rb5 $1 30. Rxc4 Rxb2 31. Rxa4 g6 32. Bf1 h5 33. h3 Kg7
34. Ra7 Ne4 35. Bc4 Nd6 36. Bf1 $6 {
All the previous moves after 26.d6! were logical and correct,but now simple} (
36. Bd5 $5 36... Rd2 37. Bc6 Rc2 38. Ra6 $1 $14 {
would still promise some winning chanses.}) 36... Ne4 37. Bc4 Nd6 38. Bf1 Ne4
39. Bc4 1/2-1/2

[Event "Reggio Emilia 41th"]
[Site "Reggio Emilia "]
[Date "1999.01.02"]
[Round "6"]
[White "Borgo, Giulio"]
[Black "Komarov, Dimitri"]
[Result "0-1"]
[WhiteElo "2445"]
[BlackElo "2570"]
[Annotator "Psakhis,L"]
[PlyCount "66"]
[EventDate "1998.12.28"]
[Source "ChessBase"]
[SourceDate "1999.04.01"]

1. e4 e6 2. d4 d5 3. Nc3 Bb4 4. e5 c5 5. Bd2 Ne7 6. dxc5 Nbc6 7. Qg4 O-O 8. Nf3
Ng6 9. O-O-O (9. Bd3 Bxc5 10. Qh5 10... Nb4 $1 11. Ng5 Nxd3+ 12. cxd3 h6 13.
Nf3 Bd7 14. g4 14... f6 $1 15. d4 (15. Qxg6 $2 15... Be8 $19) 15... Be8 16. Qh3
(16. dxc5 Nf4 17. Qxe8 Qxe8 18. Bxf4 18... fxe5 $19) 16... Bb6 17. g5 fxg5 18.
Qxe6+ Kh7 19. Qh3 19... Nf4 $36 {0-1 Minasian,A-Drasko,M/Panormo zt 1998 (28)})
9... Bxc5 10. Qh5 Bd7 11. Kb1 (11. Bd3 Nb4 12. Be3 Rc8 13. Bxc5 Rxc5 14. Ng5 h6
15. Nxf7 Nxd3+ 16. Rxd3 Rxf7 17. Qxg6 Rxf2 18. Rf3 Rxf3 19. gxf3 19... Qf8 $15
{ -  Meister-Vaiser/Barnaul 1984 (40)}) 11... Qe8 12. Be3 $5 {
N/ Interesting novelty in well known position} (12. h4 Rc8 13. Ng5 h6 14. Nf3
f5 15. exf6 Rxf6 16. Qg4 Bxf2 17. h5 Nf4 18. g3 18... e5 $19 {
1-0 Movsesian,S-Bukal,V/CRO t-ch 1997 (40)}) 12... Bxe3 13. fxe3 Qe7 14. Bd3
14... Nb4 $2 (14... Be8 $1) 15. Ne2 $2 ({
I can,t understand, why White didn,t play} 15. Ng5 $1 {
it looks, that white,s attack in unresistable after this move, for example}
15... h6 (15... Rfc8 16. Bxg6) 16. Nxf7 Qxf7 (16... Nxd3 17. Nxh6+ $1 17...
gxh6 18. Qxg6+ Qg7 19. Qxg7+ Kxg7 20. cxd3 $18) (16... Rxf7 17. Bxg6 $16) 17.
Bxg6 Qf2 18. Qg4 (18. Qh3 $16) 18... Nc6 19. Nxd5 Nxe5 (19... Rad8 20. Nf6+ $1
20... gxf6 21. Bd3+ Kh8 22. Qg6 f5 23. Qxh6+ Kg8 24. Rhf1 $18) 20. Ne7+ Kh8 21.
Qd4 Qf6 22. Be4 Bc6 23. Bxc6 bxc6 24. Qxe5 $1 24... Qxe7 25. Rd6 $18) 15...
Nxd3 16. cxd3 16... f6 $1 {Now Black is Ok!} 17. Nf4 $6 (17. exf6 $5 17... Rxf6
18. Ne5 Nxe5 19. Qxe5 $13) 17... Be8 18. Nxg6 (18. exf6 Rxf6 19. Qg4 19... Qb4
$1) 18... Bxg6 19. Qh4 19... Rac8 {Black got nice and very pleasand position}
20. Qd4 20... Qc5 $5 (20... Rc4 21. Qxa7 21... Rfc8 $44) 21. Qxc5 Rxc5 22. h3
Rfc8 23. Rhf1 (23. Rd2 $15) 23... Rc2 24. Ne1 $2 {
Last mistake, White still could hope for positive result after} (24. exf6 gxf6
(24... Rxg2 25. Nh4) 25. Nh4 $13) 24... Re2 25. exf6 Rxe3 26. fxg7 Kxg7 27. Rd2
27... e5 $17 28. a3 $6 (28. Rd1 $142) 28... e4 $1 29. Ka2 (29. dxe4 Bxe4+ 30.
Ka2 30... Rc1 $19) 29... exd3 $19 30. Nf3 Rc2 31. Rff2 Re2 32. Rfxe2 dxe2 33.
Rxd5 (33. Rxc2 Bxc2 34. Ne1 34... d4 $1) (33. Rd4 Be4 34. Ne1 Rc1) 33... Bf7
0-1

[Event "RUS-Cup03 Geller Memorial"]
[Site "Moscow"]
[Date "1999.02.07"]
[Round "6"]
[White "Landa, Konstantin"]
[Black "Potkin, Vladimir"]
[Result "1-0"]
[WhiteElo "2542"]
[BlackElo "2400"]
[Annotator "Psakhis,L"]
[PlyCount "85"]
[EventDate "1999.02.10"]
[Source "ChessBase"]
[SourceDate "1999.06.08"]

1. e4 {Hecht} 1... e6 2. d4 d5 3. Nc3 Bb4 4. e5 c5 5. a3 Bxc3+ 6. bxc3 Ne7 7.
Qg4 O-O 8. Bd3 f5 (8... Nbc6 9. Qh5 h6 10. Nf3 10... Qc7 {
could be valuable alternative to the move in the game}) 9. exf6 Rxf6 10. Bg5
Rf7 11. Qh4 11... h6 12. Bxe7 {Most popular move in famous theoretical
position. Black has no any troubles in the case of} (12. Bd2 $6 12... Nbc6 13.
Nf3 c4 14. Be2 Qf8 15. Ne5 Nxe5 16. dxe5 Ng6 17. Qg3 Nf4 18. Bxf4 18... Rxf4
$15 {Luethgens,E-Komarov,D/Cattolica op 1993/0-1 (47)}) ({
Interesting complications could be raised after} 12. Nf3 $5 {for example} 12...
hxg5 13. Qh7+ (13. Nxg5 $6 13... c4 14. Qh7+ Kf8 15. Qh8+ Ng8 16. Bh7 Qxg5 17.
Bxg8 $1 17... Qh6 $1 18. Qxh6 gxh6 19. Bxf7 19... Kxf7 $17) 13... Kf8 14. Ne5 (
14. Qh8+ Ng8 15. Bh7 15... Ke7 $1 16. Bxg8 16... Kd6 $1 17. Nxg5 Rf5 18. h4
18... Qf8 $1) 14... Rf5 15. Bxf5 (15. Qh8+ Ng8 16. g4 $1 16... Nc6 17. Ng6+ $1
17... Kf7 18. gxf5 exf5 19. Qh5 19... Nh6 $16) 15... exf5 16. Qh8+ (16. h4 $6
16... Nbc6 17. h5 Qa5 18. O-O Nxe5 19. h6 gxh6 20. Qxh6+ 20... Kg8 $1 {
20...Kf7 21.Qh7   Qh8, Qe5 } 21. dxe5 21... Qa6 $1 $17 {
1-0 Vogt,L-Hertneck,G/DDR/FRG Potsdam 1988 (40)}) 16... Ng8 17. Ng6+ Kf7 18.
Ne5+ $11 {and Black must repeat moves, because} 18... Kf6 $2 $140 19. h4 g4 20.
Qh5 Ke6 21. O-O {leads to terrible attack}) 12... Rxe7 ({Also possible} 12...
Qxe7 $5 {and it is not easy for White to prove advantage, for instance} 13.
Qxe7 Rxe7 14. f4 $5 14... cxd4 (14... c4 15. Be2 Bd7 16. h4 g5 17. fxg5 hxg5
18. hxg5 e5 19. Nf3 Nc6 20. dxe5 Nxe5 21. Kd2 $16 {
1-0 Almasi,Z-Uhlmann,W/Dresden 1997 (29)}) 15. cxd4 b6 16. Nf3 Ba6 17. Bg6 Nc6
18. Kd2 Rf8 19. g3 Rc7 20. Rhe1 Rf6 21. Bh5 Kf8 22. Bg4 Ke7 23. Re3 23... Kd6
$11 { -  Wach,M-Kindermann,S/AUS-BL 1994 (34)}) 13. Nf3 (13. Ne2 Nc6 14. O-O c4
15. Bg6 Bd7 16. f4 Be8 17. Bxe8 Qxe8 18. Qg4 Kh7 19. Rae1 Rd8 20. Ng3 Qg6 21.
Qxg6+ Kxg6 22. Rxe6+ Rxe6 23. f5+ Kf7 24. fxe6+ Kxe6 25. Nh5 25... Rg8 $11 {
-  Almasi,Z-Farago,I/ch-HUN 1993 (32)}) (13. Qg3 13... Qa5 $5 14. Ne2 c4 15.
Bg6 Nc6 16. f4 Bd7 17. O-O Be8 (17... Rf8 $5 18. Qe3 $1 18... Be8 19. Bxe8
Rexe8 20. g4 $1 {  g3}) 18. Bxe8 (18. f5 $6 18... exf5 19. Nf4 19... Bxg6 $1
$15) 18... Raxe8 19. a4 $5 (19. Qg6 $1) 19... Qd8 $5 $11 {
1-0 Gdanski,J-Farago,I/Haifa 48/407 1989 (41)}) 13... Nc6 ({
Deserves attention and} 13... e5 $5 14. dxe5 Rxe5+ 15. Kd2 Qxh4 16. Nxh4 Nc6
17. Rae1 Bd7 18. f4 Rxe1 19. Rxe1 Re8 20. Rxe8+ 20... Bxe8 $11 {
1-0 Kwiatkowski.F-McDonald.N/British Ch. 1988 (42)}) 14. O-O c4 15. Bg6 (15.
Be2 $6 15... Bd7 16. Qg3 16... Qb8 $1 17. Qxb8+ (17. Ne5 $5 $11) 17... Rxb8 18.
Rad1 Be8 19. Rfe1 Bg6 20. Rd2 20... Be4 $15 {
0-1 Rivera,D-Farago,I/Orebro tt 1966 (40)}) 15... Qd6 {I would prefer} (15...
Bd7 $142 16. Rfe1 16... Be8 {with good chances foe equalization, for example}
17. Bxe8 Qxe8 (17... Rxe8 18. Qg3 $5) 18. Ne5 Nxe5 19. Rxe5 Rf7 20. Qg4 Qa4 21.
Qxe6 Qxc2 22. Qxd5 Qxf2+ 23. Kh1 23... Rc8 $11 { -  Hjartarson,J-Yusupov,A/
Linares 1988 (36),  but move in the text is also not bad}) 16. Ne5 Nxe5 (16...
Bd7 17. f4 Rf8 18. g4 Be8 19. g5 $36 19... Qd8 20. Qh5 Rf5 21. Ng4 e5 22. Rae1
exf4 23. h4 { -  Atlas,V-Bareev,E/USSR 1988/Inf 46 (23)}) 17. dxe5 Qc5 (17...
Qd8 18. f4 Bd7 19. Rae1 Qb6+ 20. Kh1 Qc5 21. h3 Rf8 22. g4 Be8 23. Bxe8 Rexe8
24. f5 $36 {1-0 Ehlvest,J-Temirbaev/Kuibyshev 1986 (35)}) 18. Rfb1 {
N/ New interesting move} (18. Qd4 18... b6 $5 (18... Qxd4 19. cxd4 Bd7 20. c3
Rf8 21. f4 Be8 22. Bc2 h5 23. f5 $14 { -  Koppe-Van Nevele/corr 1988 (53)}) (
18... Rc7 $5)) 18... b6 19. Rb5 $5 {Interesting chance} (19. a4 Bd7 20. a5
20... Be8 $5 {is not dangerous for black}) 19... Qxb5 20. Qxe7 Qd7 21. Qxd7 {
Queens exchanged is the best chance for white} (21. Bf7+ Kh7) (21. Qh4 Bb7 22.
f4 22... Rf8 $13) 21... Bxd7 {From the first look Black has nothing to worry
in ending, but Landa found nice way to keep initiative.} 22. h4 $1 22... Be8 (
22... Kf8 23. h5 Ke7 24. f4 Rf8 25. Rf1) 23. h5 Bxg6 24. hxg6 {Hecht: '  
klemmter schwarzer Koenig;  weisse Strategie: Durchsetzen von f5 unter
Zentralisierung des Koenigs'} 24... Rf8 (24... Kf8 $142 {Hecht} 25. f4 (25. g4
$5 25... Ke7 26. Kg2 Rf8 27. Kg3) 25... Ke7 26. g4 (26. Kf2 Rf8 27. Ke3 h5 28.
Rh1 Rf5 29. g4 hxg4 30. Rh7 30... g3 $132) 26... Rf8 27. Rf1 h5 28. f5 hxg4 29.
f6+ gxf6 30. g7 Rd8 31. exf6+ Kf7 32. Kg2 32... e5 $13) 25. Rf1 {Landa wants
to push pawns on the king,s side and it is very difficult to prevent this
simple and strong plan.} 25... h5 (25... Rf4 26. f3 $1 26... Kf8 27. g3 Rf5 28.
f4 Ke7 29. g4 Rf8 30. Kg2) 26. f4 26... h4 (26... Rf5 {Hecht} 27. g3 Kf8 28.
Kg2 Ke7 29. Kf3) 27. Kh2 Rf5 28. Kh3 Rh5 29. Kg4 Rh6 30. f5 $1 ({
White doesn,t need unclear comlications , possible 
after} 30. Kg5 30... h3
31. g4 $5 31... h2 32. Rh1 Rh3 33. f5 $132) 30... exf5+ (30... Kf8 31. fxe6+
Ke7 32. Rf7+ Kxe6 33. Rxg7 $18) 31. Kxf5 31... Kf8 $1 {
Only chance in difficult position} (31... Rh5+ 32. Ke6 Rg5 33. Kd6 Rxg6+ 34. e6
$18) 32. Ke6+ {This natural move maybe is not the strongest one.} ({
Valuable alternative could be} 32. Kg5+ $5 32... Ke7 (32... Ke8 33. Rf7 h3 34.
gxh3 Rxh3 35. Rxg7 Rxc3 36. Rxa7 Rxc2 37. g7 Rg2+ 38. Kf6 $18) (32... Kg8 33.
e6) 33. Rf7+ Ke6 34. Rxg7 34... h3 $1 35. gxh3 Rxh3 36. Rxa7 $16) (32. Rd1 $2
32... Ke7 33. Rxd5 33... h3 $1) 32... Ke8 33. Kd6 {'!' Hecht.} 33... Rxg6+ 34.
e6 34... Rf6 $8 (34... Rxg2 35. Rf7 g5 36. Rxa7 $18 (36. Rh7 {Hecht} 36... Kf8
37. e7+ $18)) 35. Rb1 {
Hecht: 'auf der Suche nach einer offenen Linie, zu schaffen mit a4-a5'} 35...
Rf2 $6 {Lost by force, last and only chance for defence was} (35... Rf4 $1 {
with dream to play d5-d4. Game could continue} 36. Rh1 (36. a4 36... d4 $1 37.
a5 dxc3 38. axb6 axb6 39. Rxb6 Rd4+ 40. Ke5 40... Rd2 $11) (36. Rd1 36... g5 $1
(36... Rf2 $2 37. Rh1 $1) 37. Rxd5 Rg4) 36... d4 (36... g5 37. g3) 37. Ke5 (37.
g3 Rg4 38. gxh4 dxc3) 37... Rf2 38. cxd4 (38. Rxh4 dxc3 39. Rxc4 39... Rxc2 $11
) 38... Ke7 {and black is ok.}) 36. Rh1 $1 $18 {Hecht: 'nun also mit g3, und
wenn diese Linie nicht aufgeht, dann gibt es einen zweiten Freibauern  '} 36...
g5 (36... Rf4 37. g3 $1) 37. g3 Rd2 ({Lost unfortunately for black} 37... hxg3
38. Rh8+ Rf8 39. Rh7 $1 39... Rf6 (39... Rf3 40. Rxa7 Kf8 41. e7+ Kf7 42. Ra8
Re3 43. Rf8+ Kg6 44. e8=Q+ $18) 40. Rxa7 Kf8 41. Kd7 Rxe6 42. Kxe6 g2 43. Kf6
$1 43... Ke8 (43... Kg8 44. Rg7+) 44. Re7+ $18) 38. gxh4 d4 (38... g4 39. h5 g3
40. h6 Rh2 41. Rg1 g2 42. h7 Rxh7 43. Rxg2 Kf8 (43... Rh8 44. Rg7 $18) 44. a4
$1 44... a6 45. Rf2+ Ke8 46. Rf1 Rh3 47. Rf7 $18) 39. h5 $1 $18 39... dxc3+ (
39... d3 40. cxd3 Rxd3+ 41. Ke5 Kf8 42. h6 Kg8 43. h7+ Kh8 44. e7 Re3+ 45. Kf6
g4 46. Rh5 g3 47. Re5 $18) 40. Ke5 Ke7 (40... Kf8 41. h6 Kg8 42. h7+ Kh8 43.
Re1 Rd8 44. e7 Re8 45. Kf6 $18) 41. h6 Rd8 42. h7 Rh8 43. Rd1 (43. Rd1 g4 44.
Rd7+ Ke8 45. Rxa7 $18) 1-0